000 00920nam a2200229Ia 4500
003 0
005 20250122135542.0
008 150126s9999 xx 000 0 und d
050 _aPHS GV 706.55
_b.H546 2014
100 _aHerico, Kirsten Gil M.
245 _aSports involvement and social skills of grade 10 student-athlete of Southville International School and Colleges /
_cKirsten Gil M. Herico.
260 _aLas PiƱas City, Philippines :
_bSouthville International School and Colleges,
_c2014.
300 _a30 pages :
_billustration ;
_c28 cm.
504 _aIncludes bibliographical references.
650 _aSports Involvement.
650 _aStudent-athletes
_2Social skills.
650 _aSports participation
_2Psychological aspects.
650 _aHigh school students
_2Social aspects.
650 _aInterpersonal communication in youth.
650 _aSocial skills in adolescence.
942 _2lcc
_cPASS
999 _c278720
_d278720